Online Catalogue and eLibrary

Mourning becomes the law : (Record no. 2983)

MARC details
000 -LEADER
fixed length control field 00441nam a2200169Ia 4500
005 - DATE AND TIME OF LATEST TRANSACTION
control field 20240807060258.0
008 - FIXED-LENGTH DATA ELEMENTS--GENERAL INFORMATION
fixed length control field 240331s9999 xx 000 0 und d
020 ## - INTERNATIONAL STANDARD BOOK NUMBER
ISBN 0521578493
082 ## - DDC Classification
Item Number - Author Mark ROS
Class No. 393.9
100 ## - MAIN ENTRY--PERSONAL NAME
Personal name Rose, G
245 #0 - TITLE STATEMENT
Title Mourning becomes the law :
Remainder of title philosophy and representation
260 ## - PUBLICATION, DISTRIBUTION, ETC.
Place of publication, distribution, etc. Cambridge
Name of publisher, distributor, etc. Cambridge University press
Date of publication, distribution, etc. 1996
300 ## - PHYSICAL DESCRIPTION
Extent (e.g. Volumes, Pages etc.) vii,163 p .,
650 ## - SUBJECT ADDED ENTRY--TOPICAL TERM
Topical term or geographic name entry element Philosophy
650 ## - SUBJECT ADDED ENTRY--TOPICAL TERM
Topical term or geographic name entry element Law
942 ## - Koha item type (Biblio)
Koha item type Books in Stacks (Lending)
Holdings
Lost status Damaged status Collection code Home library Current library Shelving location Date acquired Full call number Accession Number Item type
    Lending WERC Library WERC Library Social Science Cupboard 03/31/2024 393.9 ROS 2266 Books in Stacks (Lending)

© WERC Library